When Russia was Bigger - Statistics

General Stats
  • This quiz has been taken 82 times
    37 since last reset
  • The average score is 17 of 19
Answer Stats
Answers % Correct
Ukraine
100%
Estonia
97%
Finland
97%
Kazakhstan
97%
Latvia
97%
Lithuania
97%
Azerbaijan
94%
Belarus
94%
Poland
94%
Armenia
91%
Georgia
91%
Moldova
91%
Uzbekistan
91%
Kyrgyzstan
88%
Turkmenistan
88%
Tajikistan
85%
Iran
70%
Turkey
70%
United States
58%
No matching quizzes found
Score Distribution
Percent of People with Each Score
Percentile by Number Answered
Your Score History
You have not taken this quiz since the last reset